Langues des drapeaux. - Statistiques

Statistiques générales
  • Ce quiz a été pris 191 fois
    141 depuis la dernière actualisation
  • Le résultat moyen est 17 sur 20
Statistiques - réponses
Par images Réponse % Correct
Anglais
100%
Français
100%
Italien
99%
Portugais
95%
Grec
92%
Suedois
92%
Turc
92%
Arabe
90%
Espagnol
89%
Mandarin
89%
Ukrainien
86%
Norvégien
84%
Polonais
84%
Albanais
77%
Vietnamien
76%
Serbe
75%
Hébreu
71%
Thai
71%
Finnois
63%
Bengali
50%
Aucun quiz correspondant
Distribution des résultats
% des personnes avec chaque résultat
Percentile par nombre de réponses
Votre historique - résultats
Vous n’avez pas pris ce quiz depuis la dernière actualisation